Canada Provinces and Territories in Alphabetical Order - Statistics

General Stats
  • This quiz has been taken 130 times
  • The average score is 11 of 13
Answer Stats
First Letter Province or Territory % Correct
A Alberta
97%
B British Columbia
93%
M Manitoba
93%
N Newfoundland and Labrador
90%
N New Brunswick
88%
O Ontario
88%
Q Quebec
88%
P Prince Edward Island
87%
Y Yukon
87%
S Saskatchewan
85%
N Nunavut
84%
N Northwest Territories
83%
N Nova Scotia
82%
No matching quizzes found
Score Distribution
Percent of People with Each Score
Percentile by Number Answered
Your Score History
You have not taken this quiz